| 000 | 00872nmm a2200265 a 4500 | ||
|---|---|---|---|
| 001 | ocm000642308 | ||
| 003 | TR-IsHL | ||
| 005 | 20201028140840.0 | ||
| 008 | 131219s2006 tu tur | ||
| 007 | cr cn | ||
| 020 | _a9789944322508 | ||
| 035 |
_a642308 _b(N$T) |
||
| 050 | 0 | 4 |
_aKKX916.5 _b.O54 2006 |
| 090 | 0 | 4 |
_aKKX916.5 _b.O54 2006 |
| 100 | 1 | _aÖnen, Mesut | |
| 245 | 1 | 0 |
_aİşletme hukuku: iktisadi ve idari bilimler fakülteleri öğrencileri için _h[electronic resource] / _cMesut Önen |
| 260 |
_aİstanbul : _bArıkan Basım Yayım Dağıtım, _c2006 |
||
| 300 | _a120 p. | ||
| 650 | 4 | _aHukuk | |
| 650 | 4 | _aLaw | |
| 650 | 0 |
_aTicaret hukuku _x Türkiye |
|
| 650 | 0 |
_aCommercial law _x Turkey |
|
| 650 | 7 |
_aLAW / Commercial / General _2bisacsh |
|
| 856 | 4 | 0 | _uhttp://search.ebscohost.com/login.aspx?direct=true&scope=site&db=e011xww&AN=642308 |
| 999 |
_c7503 _d7503 |
||